000 00676 a2200229 4500
260 _aParis
100 _aMETRO,A.
440 _n2
260 _bAssociation Française des Eaux et Forêts. Conseil International de la Langue Française.
300 _aXIX-432p.
245 _aTerminologie forestière. Sciences forestières,technologie,pratiques et produits forestiers : version française.
650 _aSCIENCE FORESTIERE
650 _aOUVRAGE DE REFERENCE
260 _c1975
130 _lFr.
710 _aFAO/IUFRO.
440 _aTerminologie Forestière Multilingue.
690 _aFORESTERIE.
020 _a2-85319-018-8
999 _c24418
_d24418